000 00702nam a2200253Ia 4500
003 OSt
005 20220918175043.0
006 a|||||r|||| 00| 0
007 ta
008 220917b |||||||| |||| 00| 0 eng d
024 _a15,425
037 _cTextual
040 _aARTS
_cARTS
_beng
041 _2eng
_aeng
082 _aO:gk, N8 (FAL/RR)
100 _aRivkin Julie
_921422
245 0 _aLiterary thoery
_b An anthology
260 _aOxford
_bBlackwell Pub
_c1998
300 _axxii,1130p.
_ccm.
650 _aENGLISH LITERATURE
700 _a Ryan Michael
_952702
942 _hO:gk, N8 (FAL/RR)
_cTEXL
_2CC
999 _c155829
_d155829